000 00733nam a2200253Ia 4500
003 OSt
005 20220918192656.0
006 a|||||r|||| 00| 0
007 ta
008 220917b |||||||| |||| 00| 0 eng d
024 _a69,573
037 _cTextual
040 _aARTS
_cARTS
_beng
041 _2eng
_aeng
082 _aQ4y7M32, M1
100 _aKirthisinghe B P
_979770
245 0 _aColonel olcoth his series to Buddhism
260 _aKandy
_bBuddhist Pub Society
_c1981
490 _aWheel series; 15. Buddhist publication society
650 _aRELIGION
700 _a Amarasuriya M P
_979771
942 _hQ4y7M32, M1
_cTEXL
_2CC
999 _c195715
_d195715